| Tag |
First Indicator |
Second Indicator |
Subfields |
| LEADER |
00000cam a2200000 a 4500 |
| 001 |
in00001078310 |
| 005 |
20150929161837.0 |
| 008 |
850917s1985 cau b 000 0 eng d |
| 035 |
|
|
|a (OCoLC)12565638
|
| 035 |
|
|
|9 AFQ9067AM
|
| 040 |
|
|
|a EEX
|c EEX
|d VPI
|d PIT
|d m/c
|d TXA
|d UtOrBLW
|
| 049 |
|
|
|a TXAM
|
| 090 |
|
|
|a TL797
|b .L56 1985
|
| 100 |
1 |
|
|a Lippiatt, Thomas F.,
|d 1940-
|
| 245 |
1 |
0 |
|a Potential applications of expert systems and operations research to space station logistics functions /
|c Thomas F. Lippiatt, Donald Waterman.
|
| 264 |
|
1 |
|a Santa Monica, CA :
|b Rand Corp.,
|c [1985]
|
| 300 |
|
|
|a viii, 67 pages :
|b illustrations ;
|c 28 cm.
|
| 336 |
|
|
|a text
|b txt
|2 rdacontent
|
| 337 |
|
|
|a unmediated
|b n
|2 rdamedia
|
| 338 |
|
|
|a volume
|b nc
|2 rdacarrier
|
| 490 |
1 |
|
|a Rand note ;
|v N-2315-NASA
|
| 500 |
|
|
|a "June 1985."
|
| 500 |
|
|
|a "Prepared for the National Aeronautics and Space Administration."
|
| 500 |
|
|
|a "Rand library collection"--label on cover.
|
| 504 |
|
|
|a Bibliography: page 67.
|
| 650 |
|
0 |
|a Space stations.
|
| 700 |
1 |
|
|a Waterman, D. A.
|q (Donald Arthur),
|d 1936-
|
| 830 |
|
0 |
|a Rand note ;
|v N-2315-NASA.
|
| 999 |
|
|
|a MARS
|
| 999 |
f |
f |
|s d97d4dff-fa01-3cd5-a292-72d9c8fea5cf
|i 31ed0f4d-f0ee-3c0c-a8e2-acacf8cecd50
|t 0
|
| 952 |
f |
f |
|p ric
|a Texas A&M University
|b Rellis Campus
|c Joint Library Facility
|d Remote Storage
|t 0
|e TL797 .L56 1985
|h Library of Congress classification
|i unmediated -- volume
|m A14816216284
|
| 998 |
f |
f |
|a TL797 .L56 1985
|t 0
|l Remote Storage
|